Biblioteca

Understanding and relating to the three cultures of cross-cultural ministry in Russia (Registro nro. 70386)

Detalles MARC
000 -LÍDER
Campo fijo de descripción fija 01748nab a2200241 i 4500
001 - NÚMERO DE CONTROL
Campo de control 768714001
003 - IDENTIFICADOR DEL NÚMERO DE CONTROL
Campo de control CO-MdFUSB
005 - FECHA Y HORA DE LA ULTIMA TRANSACCIÓN
control field 20240627083935.0
008 - ELEMENTOS DE LONGITUD FIJA -- INFORMACIÓN GENERAL
Campo fijo de descripción fija -- Información general 240627t1996 us ||||| |||| 00| 0 eng d
040 ## - FUENTE DE CATALOGACIÓN
Idioma de catalogación spa
Agencia que realiza la transcripción CO-MdFUSB
Agencia que realiza la modificación CO-MdFUSB
041 ## - CÓDIGO DE IDIOMA
Código de idioma para texto/pista de sonido o título separado eng
100 ## - ASIENTO PRINCIPAL--NOMBRE PERSONAL
Nombre personal Menconi, Margo Lyn,
Término relacionador autor
245 ## - TÍTULO
Título Understanding and relating to the three cultures of cross-cultural ministry in Russia
Mención de responsabilidad / Margo Lyn Menconi
520 ## - NOTA DE RESUMEN, ETC.
Nota de sumario, etc. Cuando los misioneros o trabajadores de la iglesia ingresan a una nueva cultura con el evangelio, en realidad tienen tres culturas con las que lidiar: su propia cultura nativa, la cultura del pueblo objetivo y también la cultura bíblica o del “reino”. Necesitamos entender los tres para poder comunicar fielmente nuestro mensaje a las personas que pretendemos alcanzar para Cristo.<br/>En este artículo, hago una comparación de muestra entre la cultura rusa y la de los Estados Unidos y de las Escrituras, utilizando la adaptación de Carolyn Ryffel (1994) de uno de los continuos “Dimensiones de la cultura” de Geert Hofstede (1991, 1986, 1984) como marco. El propósito de este documento es alentar la reconsideración del lugar de cada una de estas tres culturas en nuestras actividades misioneras y la toma de decisiones conscientes e informadas sobre nuestro enfoque de la misión con respecto a ellas.
546 ## - NOTA DE IDIOMA
Nota de idioma Texto en inglés.
650 #0 - ASIENTO SECUNDARIO DE MATERIA - TERMINO TEMÁTICO
Término temático o nombre geográfico como elemento de entrada Misiones
9 (RLIN) 154
650 #7 - ASIENTO SECUNDARIO DE MATERIA - TERMINO TEMÁTICO
Término temático o nombre geográfico como elemento de entrada Iglesia
9 (RLIN) 655
650 #0 - ASIENTO SECUNDARIO DE MATERIA - TERMINO TEMÁTICO
Término temático o nombre geográfico como elemento de entrada Evangelización
9 (RLIN) 362
650 #7 - ASIENTO SECUNDARIO DE MATERIA - TERMINO TEMÁTICO
Término temático o nombre geográfico como elemento de entrada Antropología cultural y social
9 (RLIN) 6714
773 0# - ASIENTO DE ITEM FUENTE
Biblionumber 49486
Itemnumber 61114
Lugar, editorial y fecha de publicación Pasadena
Otro identificador del ítem R0900
Título Missiology:
Número de control del registro (CO-MdFUSB)97
Parte(s) relacionada(s) / Volumen., número. (mes año), páginas Volumen 24, (número 4, 1996) páginas: 519 - 531
Enumeración y primera página página: 519
942 ## - TIPO DE MATERIAL (KOHA)
Tipo de Item KOHA Artículos de Revista
945 ## - INFORMACIÓN LOCAL DEL REGISTRO
Catalogador Catherine Arias Álvarez - Practicante SENA

No hay ítems disponibles.

Biblioteca FUSBC | Teléfono: (57+4) 349 88 10 Ext. 141| WhatsApp (+57) 3005338115 
E-mail: biblioteca@unisbc.edu.co | Calle 76 87-14 Robledo Palenque, Medellín, Colombia

Con tecnología Koha